000 00263nam a2200109Ia 4500
008 200302s9999 xx 000 0 und d
100 _aZhang Yuhua
245 _aCanadian contemporary architects
260 _bPhoenix Pbulished Ltd.
260 _c2012
300 _a317
999 _c6782
_d6782